000 00363nam a2200145Ia 4500
005 20260508152202.0
008 191201s2006 xx 000 0 und d
100 _aDeswal, S
245 3 _aAn Introduction to Environmental Science
250 _a1st
260 _c2006
_bDhanpat Rai Pubns (P) Ltd
_aN.Delhi
300 _a820
650 _aAPPLIED
942 _2ddc
_cBB
999 _c7183
_d7183